[Event "?"]
[Site "?"]
[Date "????.??.??"]
[Round "?"]
[White "Nordstrom, F."]
[Black "Seyffarth, R."]
[Result "1-0"]
[WhiteElo "2191"]
[BlackElo "1983"]
[PlyCount "47"]
[EventDate "2010.??.??"]

1. d4 Nf6 2. c4 g6 3. Nc3 Bg7 4. e4 d6 5. f3 Nbd7 6. Be3 O-O 7. Bd3 e5 8. d5
Nc5 9. Bc2 a5 10. Nge2 h6 11. Qd2 Kh7 12. g4 b6 13. Ng3 Qe7 14. h4 Ng8 15. Kf2
Bd7 16. Kg2 Rab8 17. a3 Na6 18. h5 g5 19. Ba4 Bxa4 20. Nxa4 Qe8 21. Nc3 f6 22.
b4 a4 23. Qc2 c5 24. bxc5 1-0

[Event "?"]
[Site "?"]
[Date "????.??.??"]
[Round "?"]
[White "Nettesheim, K."]
[Black "Hallerod, R."]
[Result "1/2-1/2"]
[WhiteElo "1920"]
[BlackElo "2165"]
[PlyCount "69"]
[EventDate "2010.??.??"]

1. d4 d5 2. Nf3 c6 3. Bf4 Nf6 4. e3 Qb6 5. Qc1 Bf5 6. Nbd2 e6 7. Bd3 Bg6 8. Ne5
Nbd7 9. Ndf3 Nxe5 10. Nxe5 Bb4+ 11. c3 Bxd3 12. Nxd3 Be7 13. O-O Nh5 14. b3
Nxf4 15. exf4 O-O 16. Ne5 Rad8 17. b4 Qc7 18. Qe3 Bd6 19. Rfe1 b6 20. g3 c5 21.
bxc5 bxc5 22. Rec1 Rb8 23. Rab1 c4 24. Qe1 Ba3 25. Rxb8 Rxb8 26. Rb1 Rxb1 27.
Qxb1 Qb6 28. Qc2 Qb5 29. f5 f6 30. Ng4 Qb2 31. Qa4 Qb1+ 32. Kg2 Bf8 33. Ne3
Qe4+ 34. Kg1 exf5 35. Qd7 1/2-1/2

[Event "?"]
[Site "?"]
[Date "????.??.??"]
[Round "?"]
[White "Simon Padros, E."]
[Black "Alkkiomaki, J."]
[Result "0-1"]
[WhiteElo "2229"]
[BlackElo "2041"]
[PlyCount "100"]
[EventDate "2010.??.??"]

1. e4 e5 2. Nf3 Nc6 3. Bb5 a6 4. Ba4 Nf6 5. d3 d6 6. c3 Be7 7. Nbd2 O-O 8. Nf1
b5 9. Bb3 d5 10. Qe2 d4 11. Ng3 Qd6 12. O-O g6 13. Bh6 Re8 14. h3 Bf8 15. Ng5
Be6 16. Bxf8 Rxf8 17. Nxe6 fxe6 18. Qd2 Nd7 19. Rad1 Rf6 20. Qg5 Kh8 21. Ne2
Raf8 22. Qg3 Nc5 23. Bc2 Nd7 24. Rc1 b4 25. cxb4 Nxb4 26. Bb3 Nc5 27. Bc4 a5
28. a3 Nc6 29. Bb5 Na7 30. Bc4 Nc6 31. Rc2 Ne7 32. b3 Nd7 33. Nc1 c6 34. a4 Kg7
35. f3 Nb6 36. Qe1 Ra8 37. Ne2 Qa3 38. Nc1 Qd6 39. Qd2 h6 40. Ne2 Qa3 41. Nc1
Qd6 42. Qe1 g5 43. g3 Ng6 44. Qd2 Nd5 45. exd5 exd5 46. Kg2 dxc4 47. Rxc4 Ne7
48. f4 exf4 49. gxf4 Nf5 50. fxg5 Nh4+ 0-1

[Event "?"]
[Site "?"]
[Date "????.??.??"]
[Round "?"]
[White "Monedero Gonzalez, J."]
[Black "Ranki, M."]
[Result "1/2-1/2"]
[WhiteElo "2100"]
[BlackElo "1927"]
[PlyCount "65"]
[EventDate "2010.??.??"]

1. d4 d5 2. Nf3 Nf6 3. e3 e6 4. Bd3 Bd6 5. Nbd2 Nbd7 6. e4 dxe4 7. Nxe4 Nxe4 8.
Bxe4 Nf6 9. Bd3 h6 10. O-O O-O 11. Qe2 b6 12. Ne5 Bb7 13. Bd2 Be7 14. c3 Qd5
15. f3 Qd8 16. Rad1 c5 17. Be3 Qc7 18. Kh1 Rad8 19. f4 Be4 20. Bxe4 Nxe4 21.
dxc5 Nxc5 22. Qc4 Qb7 23. b4 b5 24. Qe2 Nd7 25. Bd4 Rfe8 26. Rd3 Nf6 27. Rg3 a6
28. Re1 Qd5 29. Rd3 Qb7 30. a3 Qa8 31. Rg3 Qd5 32. h3 Ra8 33. Ng4 1/2-1/2

[Event "?"]
[Site "?"]
[Date "????.??.??"]
[Round "?"]
[White "Böhnisch, M."]
[Black "Olesen, P."]
[Result "1-0"]
[WhiteElo "2337"]
[BlackElo "2082"]
[PlyCount "89"]
[EventDate "2010.??.??"]

1. e4 e5 2. Bc4 Nf6 3. d3 c6 4. Nf3 d5 5. Bb3 Bd6 6. Nc3 dxe4 7. Nxe4 Nxe4 8.
dxe4 Bb4+ 9. Bd2 Bxd2+ 10. Nxd2 O-O 11. Nc4 Qf6 12. Qd6 Nd7 13. a4 Qxd6 14.
Nxd6 Nc5 15. Bc4 Be6 16. Bxe6 Nxe6 17. O-O-O b6 18. b3 Rfd8 19. Kb2 f6 20. Nf5
Kf8 21. f3 g6 22. Ne3 Ke7 23. Kc3 Rd4 24. h4 Rad8 25. h5 Rxd1 26. Nxd1 Kf7 27.
hxg6+ hxg6 28. Ne3 Kg7 29. b4 Nd4 30. Kc4 b5+ 31. Kc5 bxa4 32. Ra1 Rb8 33. Rxa4
Rb7 34. c3 Rb5+ 35. Kd6 Ne2 36. Rxa7+ Kh6 37. Kxc6 Nxc3 38. Nd5 Rb8 39. Nxc3
Rxb4 40. Nd5 Rb2 41. Nxf6 Rxg2 42. Kd5 Rg3 43. Ng4+ Kg5 44. Nxe5 Kf4 45. Rf7+
1-0

[Event "?"]
[Site "?"]
[Date "????.??.??"]
[Round "?"]
[White "Schutze, H."]
[Black "Weber, B."]
[Result "1/2-1/2"]
[WhiteElo "2086"]
[BlackElo "2139"]
[PlyCount "63"]
[EventDate "2010.??.??"]

1. Nf3 Nf6 2. c4 c6 3. b3 d5 4. Bb2 Bf5 5. g3 e6 6. Bg2 Be7 7. O-O Nbd7 8. Nc3
O-O 9. d3 h6 10. Qc2 Bh7 11. Rfd1 e5 12. e4 d4 13. Ne2 c5 14. a3 Bd6 15. Bc1
Qe7 16. Bd2 a5 17. Rdb1 Ne8 18. Nh4 Qe6 19. h3 Be7 20. Nf5 Bxf5 21. exf5 Qxf5
22. g4 Qg6 23. Bxb7 Ra7 24. Be4 f5 25. Bd5+ Kh8 26. Ng3 fxg4 27. hxg4 Qxg4 28.
Qd1 Qxd1+ 29. Rxd1 Nd6 30. b4 Bg5 31. Bxg5 hxg5 32. b5 1/2-1/2

[Event "?"]
[Site "?"]
[Date "????.??.??"]
[Round "?"]
[White "Böhlig, H."]
[Black "Preuss, F."]
[Result "1-0"]
[WhiteElo "2242"]
[BlackElo "2057"]
[PlyCount "95"]
[EventDate "2010.??.??"]

1. c4 Nf6 2. Nf3 e6 3. g3 b6 4. Bg2 Bb7 5. O-O d5 6. d4 Be7 7. Nc3 O-O 8. Ne5
c5 9. dxc5 Bxc5 10. Nd3 Na6 11. Bg5 Be7 12. Nf4 Nc7 13. cxd5 Ncxd5 14. Bxf6
Bxf6 15. Ncxd5 exd5 16. Qb3 Rb8 17. Nxd5 Bxd5 18. Bxd5 Qe7 19. e4 Bd4 20. Rac1
Rbc8 21. Rc2 Bc5 22. Kg2 Kh8 23. a3 a5 24. Qf3 f6 25. Qg4 Rcd8 26. Qf3 Qe5 27.
Qb3 Qe7 28. f4 Qd6 29. Rd2 Qe7 30. Rfd1 g6 31. Qf3 Kg7 32. h4 h6 33. f5 g5 34.
hxg5 fxg5 35. Be6 Rxd2+ 36. Rxd2 Qxe6 37. fxe6 Rxf3 38. Kxf3 Kf6 39. Rd5 Kxe6
40. Kg4 Bf2 41. Rb5 Kd6 42. Kf5 Bxg3 43. Rxb6+ Kc5 44. Rxh6 Kd4 45. Ra6 Be1 46.
Rd6+ Kc4 47. Kxg5 Bg3 48. Rd7 1-0

[Event "?"]
[Site "?"]
[Date "????.??.??"]
[Round "?"]
[White "Dürrfeld, P."]
[Black "Braun, G."]
[Result "0-1"]
[WhiteElo "1946"]
[BlackElo "2215"]
[PlyCount "84"]
[EventDate "2010.??.??"]

1. e4 d6 2. d4 Nf6 3. Nc3 e5 4. dxe5 dxe5 5. Qxd8+ Kxd8 6. Bc4 Be6 7. Bxe6 fxe6
8. Bg5 Bd6 9. O-O-O Nc6 10. Nb5 Ke7 11. f3 Rac8 12. Ne2 Bc5 13. a3 h6 14. Bxf6+
gxf6 15. Rd3 a6 16. Nbc3 Rcd8 17. Rhd1 Rxd3 18. Rxd3 Rg8 19. g3 h5 20. f4 exf4
21. Nxf4 Ne5 22. Rd1 h4 23. Nce2 Be3+ 24. Kb1 Bxf4 25. gxf4 Nf3 26. Rd3 Nxh2
27. Rh3 Nf1 28. Kc1 Ng3 29. Nc3 Rg4 30. Kd2 Rxf4 31. Ke3 Nh5 32. Ne2 Rg4 33.
Kf3 f5 34. exf5 exf5 35. c3 c5 36. Rh1 Re4 37. Ng1 Kf6 38. Nh3 Rg4 39. Nf2 Rg3+
40. Ke2 Nf4+ 41. Kf1 h3 42. Rh2 Kg5 0-1

[Event "?"]
[Site "?"]
[Date "????.??.??"]
[Round "?"]
[White "Niebuhr, G."]
[Black "Hoen, R."]
[Result "1/2-1/2"]
[WhiteElo "2079"]
[BlackElo "2259"]
[PlyCount "41"]
[EventDate "2010.??.??"]

1. d4 f5 2. Nf3 Nf6 3. g3 e6 4. Bg2 d5 5. O-O Bd6 6. c4 c6 7. b3 Qe7 8. Bb2 O-O
9. Nbd2 b6 10. Ne5 Bb7 11. Rc1 c5 12. e3 Na6 13. Ndf3 Rac8 14. Nd3 Rfd8 15. Qe2
dxc4 16. bxc4 Be4 17. Nfe5 Bxg2 18. Kxg2 Nb4 19. Nxb4 cxb4 20. Nd3 a5 21. f3
1/2-1/2

[Event "?"]
[Site "?"]
[Date "????.??.??"]
[Round "?"]
[White "Ulrichsen, J."]
[Black "Hellwege, W."]
[Result "1-0"]
[WhiteElo "2221"]
[BlackElo "2000"]
[PlyCount "99"]
[EventDate "2010.??.??"]

1. d4 Nf6 2. Nf3 g6 3. Bg5 Bg7 4. e3 c5 5. c3 b6 6. Nbd2 Bb7 7. Bd3 h6 8. Bxf6
Bxf6 9. h4 h5 10. dxc5 bxc5 11. Ne4 Qc7 12. Nxf6+ exf6 13. Qc2 d6 14. Rd1 Nc6
15. O-O Rd8 16. Be4 O-O 17. Rd2 Ne7 18. Bxb7 Qxb7 19. c4 Rd7 20. Rfd1 Rfd8 21.
e4 f5 22. exf5 Nxf5 23. b3 d5 24. cxd5 Rxd5 25. Rxd5 Rxd5 26. Re1 Qd7 27. Qe4
Rd1 28. Rxd1 Qxd1+ 29. Kh2 Qd6+ 30. Qe5 Kf8 31. Qxd6+ Nxd6 32. Ne5 Nb7 33. Kg3
Ke7 34. Nc6+ Kd6 35. Nxa7 Kd5 36. Nb5 c4 37. bxc4+ Kxc4 38. Nc7 Nd6 39. Kf4 f6
40. Ne6 Kb4 41. f3 Ka3 42. Nf8 Kxa2 43. Nxg6 Kb3 44. Nf8 Kc4 45. Nd7 Ne8 46.
Kf5 Kd4 47. Nxf6 Ng7+ 48. Kg6 Ne6 49. Nxh5 Ke3 50. f4 1-0

[Event "?"]
[Site "?"]
[Date "????.??.??"]
[Round "?"]
[White "Jürgens, P."]
[Black "Gundersen, H."]
[Result "1/2-1/2"]
[WhiteElo "2014"]
[BlackElo "2220"]
[PlyCount "23"]
[EventDate "2010.??.??"]

1. d4 e6 2. e4 d5 3. e5 c5 4. c3 Qb6 5. Nf3 Bd7 6. Be2 Bb5 7. c4 Bxc4 8. Bxc4
dxc4 9. d5 exd5 10. Qxd5 Ne7 11. Qxc4 Qb4+ 12. Nbd2 1/2-1/2

[Event "?"]
[Site "?"]
[Date "????.??.??"]
[Round "?"]
[White "Harestad, T."]
[Black "Fritsch, J."]
[Result "1-0"]
[WhiteElo "2215"]
[BlackElo "1949"]
[PlyCount "93"]
[EventDate "2010.??.??"]

1. d4 d5 2. Nf3 Nf6 3. g3 Bf5 4. Bg2 e6 5. O-O c6 6. c4 Nbd7 7. Nc3 Be7 8. cxd5
exd5 9. Bf4 O-O 10. Nh4 Bg4 11. h3 Be6 12. Qc2 Nh5 13. Nf5 Nxf4 14. gxf4 Bxf5
15. Qxf5 g6 16. Qd3 f5 17. e3 Nf6 18. Na4 Qa5 19. b3 Rae8 20. Qc2 Ne4 21. Nb2
Bd6 22. Nd3 Qd8 23. f3 Ng3 24. Rfe1 Qh4 25. Qf2 g5 26. Kh2 gxf4 27. exf4 Bxf4
28. Nxf4 Nf1+ 29. Rxf1 Qxf4+ 30. Qg3+ Qxg3+ 31. Kxg3 f4+ 32. Kf2 Re3 33. Rfe1
Rfe8 34. Bf1 Kf7 35. Be2 Kf6 36. Rac1 R8e7 37. Rc2 Rg7 38. Rg1 Rg6 39. Rg4 Kf5
40. Rd2 h5 41. Rxg6 Kxg6 42. h4 Rc3 43. Bd3+ Kf6 44. Ke2 c5 45. dxc5 Rxc5 46.
Rc2 b6 47. b4 1-0

[Event "?"]
[Site "?"]
[Date "????.??.??"]
[Round "?"]
[White "Watzka, H."]
[Black "Pamperin, G."]
[Result "1-0"]
[WhiteElo "2296"]
[BlackElo "2007"]
[PlyCount "58"]
[EventDate "2010.??.??"]

1. e4 e6 2. d4 d5 3. Nc3 dxe4 4. Nxe4 Nf6 5. Nxf6+ Qxf6 6. Nf3 h6 7. c3 Bd6 8.
Bd3 O-O 9. Qe2 Re8 10. Ne5 Nd7 11. f4 c5 12. O-O cxd4 13. cxd4 Nf8 14. Be3 Bd7
15. Qf3 Rab8 16. Be4 b6 17. Qe2 Qe7 18. Rac1 Rec8 19. Qa6 Rxc1 20. Rxc1 Be8 21.
Nc4 f5 22. Bf3 Ng6 23. g3 Bc7 24. Ne5 Bd8 25. a3 Nf8 26. Bc6 Bh5 27. Bb5 Ra8
28. Kf2 Kh8 29. Bc6 Rb8 1-0

[Event "?"]
[Site "?"]
[Date "????.??.??"]
[Round "?"]
[White "Oldach, E."]
[Black "Nickl, K."]
[Result "1/2-1/2"]
[WhiteElo "2070"]
[BlackElo "2183"]
[PlyCount "56"]
[EventDate "2010.??.??"]

1. e4 e6 2. d4 d5 3. Nc3 h6 4. exd5 exd5 5. Bd3 Nf6 6. Qe2+ Be7 7. Nf3 O-O 8.
h3 Nc6 9. Be3 Bb4 10. O-O Re8 11. Rfd1 Bd6 12. Nb5 Bf4 13. Qd2 Bxe3 14. fxe3 a6
15. Nc3 Qd6 16. Qf2 b5 17. Re1 Ne4 18. Bxe4 dxe4 19. Nd2 f5 20. Nb3 Ne7 21. Nc5
Be6 22. Ne2 Bd5 23. Nf4 Rf8 24. b3 g5 25. Nxd5 Nxd5 26. c4 bxc4 27. bxc4 Ne7
28. Rab1 Rab8 1/2-1/2

[Event "?"]
[Site "?"]
[Date "????.??.??"]
[Round "?"]
[White "Kratschmer, H."]
[Black "Kühn, P."]
[Result "1-0"]
[WhiteElo "2160"]
[BlackElo "2019"]
[PlyCount "83"]
[EventDate "2010.??.??"]

1. d4 Nf6 2. Nf3 d6 3. Nc3 g6 4. e4 Bg7 5. Be2 O-O 6. O-O e5 7. dxe5 dxe5 8.
Bg5 Nbd7 9. Re1 h6 10. Be3 Re8 11. h3 c6 12. Qd2 Kh7 13. Bc4 Qe7 14. a4 Nc5 15.
Bxc5 Qxc5 16. Bxf7 Rf8 17. Bb3 Nh5 18. Qe3 Qe7 19. Rad1 g5 20. Nh2 Nf4 21. Ne2
h5 22. c3 g4 23. hxg4 hxg4 24. Qd2 Qh4 25. Qe3 Bh6 26. Qg3 Qh5 27. Nf1 Nxe2+
28. Rxe2 Bf4 29. Qd3 Rf6 30. Qd8 Qg6 31. Qe7+ Kh6 32. Rd8 Be6 33. Bxe6 Rxd8 34.
Bf5 Rxf5 35. exf5 Qe8 36. Qh4+ Kg7 37. Qxg4+ Kf6 38. Ne3 Bxe3 39. fxe3 Qf7 40.
Qh4+ Kg7 41. Qg5+ Kh7 42. Qxd8 1-0

[Event "?"]
[Site "?"]
[Date "????.??.??"]
[Round "?"]
[White "Segebarth, B."]
[Black "Pitzl, K."]
[Result "0-1"]
[WhiteElo "1930"]
[BlackElo "2108"]
[PlyCount "106"]
[EventDate "2010.??.??"]

1. e4 d6 2. d4 Nf6 3. Nc3 g6 4. f3 Bg7 5. Be3 c6 6. Qd2 b5 7. g4 Nbd7 8. Bh6
Bxh6 9. Qxh6 Qa5 10. Qd2 O-O 11. h4 h5 12. Nge2 e5 13. Bg2 Nb6 14. Kf2 Nc4 15.
Qg5 Kg7 16. Ng3 Rh8 17. dxe5 Qb6+ 18. Ke2 dxe5 19. b3 Qd4 20. bxc4 Qxc3 21.
Rad1 Bxg4 22. Rd6 Qxc4+ 23. Ke1 Qb4+ 24. Rd2 Be6 25. Nf5+ Bxf5 26. exf5 Rad8
27. fxg6 fxg6 28. Ke2 Qxd2+ 29. Qxd2 Rxd2+ 30. Kxd2 Nd5 31. Re1 Kf6 32. Bf1 Rd8
33. Kc1 Nf4 34. Kb2 a6 35. a4 Rd4 36. axb5 cxb5 37. Ra1 Rd6 38. c4 bxc4 39.
Bxc4 Ng2 40. Rxa6 Rxa6 41. Bxa6 Nxh4 42. Bb7 Kf5 43. Be4+ Kf4 44. Kc3 g5 45.
Kd3 Nxf3 46. Bg6 h4 47. Ke2 e4 48. Kf2 g4 49. Bf7 g3+ 50. Kg2 Ng5 51. Be8 h3+
52. Kg1 Nf3+ 53. Kf1 g2+ 0-1

[Event "?"]
[Site "?"]
[Date "????.??.??"]
[Round "?"]
[White "Kangas, M."]
[Black "Woeber, F."]
[Result "1/2-1/2"]
[WhiteElo "1935"]
[BlackElo "2185"]
[PlyCount "129"]
[EventDate "2010.??.??"]

1. e4 e5 2. Nf3 f5 3. d3 Nc6 4. g3 Nf6 5. Qe2 fxe4 6. dxe4 Bc5 7. Bg2 d6 8. O-O
O-O 9. Nc3 Bg4 10. Na4 Nd4 11. Qc4+ Be6 12. Qd3 Nxf3+ 13. Bxf3 Bh3 14. Bg2 Bxg2
15. Kxg2 Bd4 16. c3 Bb6 17. Nxb6 axb6 18. f3 Qd7 19. Be3 Qe6 20. a3 Qb3 21. Rf2
b5 22. Bg5 Qc4 23. Rd1 Kf7 24. h3 Qxd3 25. Rxd3 Ke6 26. h4 c6 27. Rfd2 Rad8 28.
Be3 Rd7 29. g4 d5 30. Bc5 Rff7 31. g5 dxe4 32. Rd6+ Rxd6 33. Rxd6+ Kf5 34. gxf6
exf3+ 35. Kxf3 gxf6 36. Rd1 Rg7 37. Rg1 Rd7 38. Ke2 Ke4 39. h5 f5 40. h6 Kd5
41. Rg7 Ke6 42. Rg8 Kd5 43. Bf8 Ke6 44. Bg7 Kf7 45. Rf8+ Kg6 46. Rf6+ Kg5 47.
Re6 e4 48. Bd4 Rf7 49. b3 Rd7 50. a4 bxa4 51. bxa4 Rd5 52. Ke3 c5 53. Bg7 Rd3+
54. Ke2 Rh3 55. Re7 Rh2+ 56. Kf1 Ra2 57. Rxb7 Rxa4 58. Rb5 f4 59. Rxc5+ Kg4 60.
Bf6 Ra1+ 61. Ke2 Ra2+ 62. Kd1 f3 63. Bd4 Ra1+ 64. Kd2 Ra2+ 65. Kd1 1/2-1/2

[Event "?"]
[Site "?"]
[Date "????.??.??"]
[Round "?"]
[White "Hackbarth, W."]
[Black "Saharinen, P."]
[Result "1-0"]
[WhiteElo "2136"]
[BlackElo "1857"]
[PlyCount "78"]
[EventDate "2010.??.??"]

1. c4 Nf6 2. Nf3 c5 3. g3 b6 4. Bg2 Bb7 5. Nc3 e6 6. O-O Be7 7. d3 O-O 8. e4 d6
9. b3 e5 10. Nh4 Nc6 11. Nf5 Nd4 12. Nxe7+ Qxe7 13. Bg5 h6 14. Be3 Qd7 15. h3
Ne6 16. f4 Rad8 17. f5 Nd4 18. g4 Nh7 19. Kh2 Qe7 20. Kg3 a6 21. Qd2 f6 22. h4
Kh8 23. Nd5 Bxd5 24. exd5 Rde8 25. Be4 Rf7 26. Rf2 Kg8 27. Rh1 Ref8 28. Kg2 Qd8
29. Kg1 b5 30. Rg2 b4 31. Rh3 Qe7 32. Rhg3 Kh8 33. Kh2 Rg8 34. g5 fxg5 35. hxg5
hxg5 36. Bxg5 Nxg5 37. Rxg5 Rgf8 38. Rh5+ Kg8 39. Qh6 Nxf5 1-0

[Event "?"]
[Site "?"]
[Date "????.??.??"]
[Round "?"]
[White "Liebert, H."]
[Black "Mostertman, L."]
[Result "1/2-1/2"]
[WhiteElo "2255"]
[BlackElo "2077"]
[PlyCount "35"]
[EventDate "2010.??.??"]

1. c4 g6 2. Nf3 Bg7 3. Nc3 d6 4. d4 Nf6 5. g3 O-O 6. Bg2 Nc6 7. O-O e5 8. dxe5
Nxe5 9. Nxe5 dxe5 10. Qxd8 Rxd8 11. Bg5 Rd4 12. b3 c6 13. Be3 Rd8 14. Rad1 Rxd1
15. Rxd1 Be6 16. h3 Bf8 17. g4 Be7 18. Ne4 1/2-1/2

[Event "?"]
[Site "?"]
[Date "????.??.??"]
[Round "?"]
[White "Versteeg, C."]
[Black "Csulits, A."]
[Result "1/2-1/2"]
[WhiteElo "2052"]
[BlackElo "2222"]
[PlyCount "46"]
[EventDate "2010.??.??"]

1. e4 c5 2. Nf3 Nc6 3. d4 cxd4 4. Nxd4 e5 5. Nf3 Nf6 6. Nc3 Be7 7. Be2 O-O 8.
O-O d6 9. Bg5 Be6 10. Bxf6 Bxf6 11. Nd5 Bxd5 12. Qxd5 Qb6 13. Rab1 Nb4 14. Qb3
d5 15. exd5 e4 16. Nd2 e3 17. fxe3 Nxd5 18. Qxb6 axb6 19. Ne4 Be5 20. Rf3 Nxe3
21. c3 Nd5 22. Bc4 Rad8 23. Rd1 Nf6 1/2-1/2

[Event "?"]
[Site "?"]
[Date "????.??.??"]
[Round "?"]
[White "Hamm, G."]
[Black "Westerman, H."]
[Result "1/2-1/2"]
[WhiteElo "2124"]
[BlackElo "1909"]
[PlyCount "101"]
[EventDate "2010.??.??"]

1. Nf3 c5 2. e3 g6 3. d4 cxd4 4. exd4 Bg7 5. Bd3 Nf6 6. O-O O-O 7. Re1 d6 8.
Bg5 Re8 9. Nbd2 Nc6 10. Nc4 Bg4 11. c3 Rc8 12. h3 Bd7 13. a4 Na5 14. Ne3 Be6
15. Nd2 Nd5 16. Ng4 Nb6 17. Nh6+ Bxh6 18. Bxh6 Nbc4 19. Nxc4 Bxc4 20. Bc2 Bd5
21. Qe2 Qd7 22. Qb5 Qxb5 23. axb5 b6 24. Bd3 Rc7 25. Re2 Bc4 26. Bxc4 Nxc4 27.
Rae1 d5 28. Bf4 Rd7 29. g4 e6 30. h4 Nd6 31. Bxd6 Rxd6 32. Ra1 Rd7 33. f4 Kf8
34. Rae1 Ree7 35. Kf2 Ke8 36. g5 Rd8 37. h5 Kd7 38. Rh1 Kd6 39. Ke3 Rc8 40.
hxg6 fxg6 41. Reh2 Rcc7 42. Kd3 Rf7 43. Rh4 Rfe7 44. b3 Rf7 45. c4 Rfe7 46. Kc3
Rf7 47. Kb4 Rfe7 48. Rc1 Kd7 49. c5 Rf7 50. Rhh1 Kd8 51. Rhe1 1/2-1/2

[Event "?"]
[Site "?"]
[Date "????.??.??"]
[Round "?"]
[White "Mascini, J."]
[Black "Liebscher, H."]
[Result "1/2-1/2"]
[WhiteElo "1894"]
[BlackElo "2107"]
[PlyCount "120"]
[EventDate "2010.??.??"]

1. Nf3 Nf6 2. c4 e6 3. d4 b6 4. g3 Bb7 5. Bg2 d5 6. cxd5 exd5 7. O-O Nbd7 8.
Bf4 Nh5 9. Bg5 Be7 10. Bxe7 Qxe7 11. Nc3 O-O 12. Rc1 Nhf6 13. Re1 Ne4 14. Qb3
Ndf6 15. e3 Rac8 16. Red1 Nxf2 17. Rf1 Nd3 18. Nxd5 Nxd5 19. Qxd3 Qxe3+ 20.
Qxe3 Nxe3 21. Rfe1 Nxg2 22. Kxg2 g5 23. Kf2 g4 24. Nh4 Rfd8 25. Nf5 Kf8 26. Ne7
Rb8 27. Rxc7 Rxd4 28. Nf5 Rd5 29. Nh6 Kg7 30. Nxg4 Rf5+ 31. Kg1 Bd5 32. Rxa7
Rc8 33. Ne3 Re5 34. Kf2 Rce8 35. a3 h5 36. Rd7 Bc4 37. Rd4 b5 38. a4 R8e6 39.
axb5 Bxb5 40. h4 Kg6 41. Rd5 Rf6+ 42. Kg1 Rxd5 43. Nxd5 Rf3 44. Re3 Rf1+ 45.
Kg2 Rb1 46. Nf4+ Kf5 47. Rb3 Bc6+ 48. Kf2 Rh1 49. Nxh5 Rh2+ 50. Ke3 Kg4 51.
Nf6+ Kxg3 52. h5 Rf2 53. Kd4+ Kh4 54. Ke5 Re2+ 55. Kd4 Re6 56. Nd5 Rd6 57. Kc5
Rxd5+ 58. Kxc6 Rxh5 59. Rf3 f5 60. b4 Kg4 1/2-1/2

[Event "?"]
[Site "?"]
[Date "????.??.??"]
[Round "?"]
[White "Kendall, P."]
[Black "Pritchett, C."]
[Result "0-1"]
[WhiteElo "2069"]
[BlackElo "2366"]
[PlyCount "56"]
[EventDate "2010.??.??"]

1. e4 c5 2. Nc3 e6 3. f4 a6 4. Nf3 Nc6 5. g3 d5 6. d3 Nf6 7. e5 Nd7 8. Bg2 Be7
9. O-O h5 10. Bd2 h4 11. a4 hxg3 12. hxg3 g6 13. Kf2 Nf8 14. Rh1 Rxh1 15. Bxh1
Bd7 16. Ne2 Qc7 17. c3 Rc8 18. Bg2 Qb6 19. Rb1 Na5 20. b4 cxb4+ 21. Be3 Bc5 22.
Bxc5 Rxc5 23. d4 Rc7 24. Nd2 Rxc3 25. Nxc3 Qxd4+ 26. Kf1 bxc3 27. Nf3 Qxd1+ 28.
Rxd1 Nb3 0-1

[Event "?"]
[Site "?"]
[Date "????.??.??"]
[Round "?"]
[White "Bonner, G."]
[Black "Wilson, P."]
[Result "1-0"]
[WhiteElo "2179"]
[BlackElo "1995"]
[PlyCount "119"]
[EventDate "2010.??.??"]

1. d4 f5 2. Bg5 c5 3. dxc5 Qa5+ 4. Nc3 Qxc5 5. Qd5 e6 6. Qxc5 Bxc5 7. O-O-O Nf6
8. Bxf6 gxf6 9. Nb5 Na6 10. e3 d5 11. c4 dxc4 12. Bxc4 Ke7 13. Nd4 Nb4 14. a3
Nc6 15. Nxc6+ bxc6 16. Nf3 Bd7 17. Rd2 Rad8 18. Rhd1 Bc8 19. Nd4 Bxd4 20. Rxd4
Rxd4 21. Rxd4 Rd8 22. Rh4 Rh8 23. b4 e5 24. Kc2 Be6 25. Kc3 Bd5 26. f3 e4 27.
Kd4 Ke6 28. fxe4 fxe4 29. Rxe4+ Kd6 30. Bxd5 cxd5 31. Rh4 a6 32. Rh5 Rc8 33.
Rxd5+ Ke6 34. Rc5 Rd8+ 35. Ke4 Rd2 36. Kf3 Kd7 37. Ra5 Rd6 38. e4 Ke7 39. Ke3
Rc6 40. Rc5 Rd6 41. Rh5 Rc6 42. Rxh7+ Ke6 43. Rh3 Rc2 44. Kd4 Rxg2 45. Kc5 Re2
46. Kb6 Rxe4 47. Kxa6 f5 48. Ka5 f4 49. a4 Re3 50. Rh8 Re5+ 51. b5 f3 52. Rf8
Rf5 53. Re8+ Kf6 54. Re1 Kg5 55. Ka6 Kf4 56. b6 Rh5 57. b7 Rh6+ 58. Ka7 Rh7 59.
Ka8 Rh8+ 60. b8=Q+ 1-0

[Event "?"]
[Site "?"]
[Date "????.??.??"]
[Round "?"]
[White "Pemberton, C."]
[Black "White, A."]
[Result "0-1"]
[WhiteElo "1897"]
[BlackElo "2123"]
[PlyCount "37"]
[EventDate "2010.??.??"]

1. e4 d5 2. exd5 Nf6 3. Nc3 Nxd5 4. Nxd5 Qxd5 5. Nf3 e5 6. c4 Qd6 7. d4 e4 8.
Ne5 c5 9. Qa4+ Nd7 10. Bf4 cxd4 11. a3 Qf6 12. g3 g5 13. Bh3 Qe7 14. Nxd7 Bxd7
15. Bxd7+ Qxd7 16. Qxd7+ Kxd7 17. Bxg5 Bg7 18. b3 Ke6 19. h4 0-1

[Event "?"]
[Site "?"]
[Date "????.??.??"]
[Round "?"]
[White "Borwell, A."]
[Black "Wood, P."]
[Result "1-0"]
[WhiteElo "2018"]
[BlackElo "1904"]
[PlyCount "105"]
[EventDate "2010.??.??"]

1. e4 e6 2. b3 d5 3. Bb2 dxe4 4. Nc3 Nf6 5. Qe2 Bd7 6. g4 Bc6 7. Bg2 e3 8. fxe3
Bxg2 9. Qxg2 c6 10. Nf3 Nbd7 11. a3 Nc5 12. g5 Nfe4 13. Nxe4 Nxe4 14. O-O-O Qd5
15. Rhf1 O-O-O 16. Ne5 Nxg5 17. e4 Nxe4 18. c4 Qa5 19. b4 Qc7 20. Rxf7 Be7 21.
Qxe4 Rhf8 22. Rdf1 Qd6 23. d4 Bf6 24. Rxf8 Rxf8 25. Qe2 Bxe5 26. Rxf8+ Qxf8 27.
dxe5 Qf4+ 28. Kb1 g5 29. b5 c5 30. Ka2 g4 31. Bc3 h5 32. Be1 Qg5 33. Bf2 Qf4
34. Bxc5 h4 35. Bxa7 g3 36. hxg3 Qxg3 37. Qe3 Qxe3 38. Bxe3 h3 39. Bf4 Kc7 40.
Kb3 Kd8 41. Kb4 Ke7 42. c5 Kd7 43. a4 Kc8 44. b6 Kd7 45. Kb5 Kd8 46. c6 Kc8 47.
cxb7+ Kb8 48. a5 Kxb7 49. a6+ Kb8 50. Kc6 Ka8 51. Kc7 h2 52. b7+ Ka7 53. b8=Q+
1-0

[Event "?"]
[Site "?"]
[Date "????.??.??"]
[Round "?"]
[White "Stimpel, F."]
[Black "Perman, T."]
[Result "1-0"]
[WhiteElo "2264"]
[BlackElo "2055"]
[PlyCount "69"]
[EventDate "2010.??.??"]

1. d4 Nf6 2. c4 e6 3. Nc3 Bb4 4. Qc2 O-O 5. a3 Bxc3+ 6. Qxc3 d6 7. Bg5 Nbd7 8.
Nf3 c5 9. e3 b6 10. dxc5 Nxc5 11. Nd2 Bb7 12. f3 e5 13. Be2 Rc8 14. Qc2 e4 15.
O-O exf3 16. Bxf3 Bxf3 17. Rxf3 Qe7 18. Bxf6 gxf6 19. Rh3 f5 20. Qxf5 f6 21.
Rf1 Rc7 22. b4 Nd7 23. Ne4 Rf7 24. Qd5 Qe5 25. Rg3+ Kf8 26. Qa8+ Ke7 27. Rd1
Rf8 28. Rg7+ Ke6 29. Qd5+ Qxd5 30. cxd5+ Ke5 31. Re7+ Kf5 32. Nxd6+ Kg6 33. Nb5
Rb7 34. Rf1 Nc5 35. d6 1-0

[Event "?"]
[Site "?"]
[Date "????.??.??"]
[Round "?"]
[White "Thieme, H."]
[Black "Rantanen, V."]
[Result "1/2-1/2"]
[WhiteElo "2128"]
[BlackElo "2004"]
[PlyCount "57"]
[EventDate "2010.??.??"]

1. e4 e6 2. d4 d5 3. Nc3 Nf6 4. Bg5 dxe4 5. Nxe4 Nbd7 6. Nf3 Be7 7. Nxf6+ Nxf6
8. Bd3 O-O 9. Qe2 c5 10. dxc5 Qa5+ 11. c3 Qxc5 12. Be3 Qc7 13. Bd4 Bd7 14. Ne5
Bc6 15. Nxc6 Qxc6 16. O-O Rfd8 17. Rfe1 a6 18. a4 Rac8 19. a5 Qd5 20. Red1 Qg5
21. Be3 Qe5 22. Qf3 Nd5 23. Bd4 Qg5 24. Qe4 g6 25. g3 Bc5 26. h4 Qe7 27. Bxc5
Rxc5 28. Be2 Rc7 29. Ra4 1/2-1/2

[Event "?"]
[Site "?"]
[Date "????.??.??"]
[Round "?"]
[White "Runonen, R."]
[Black "Biller, H."]
[Result "0-1"]
[WhiteElo "1782"]
[BlackElo "2158"]
[PlyCount "58"]
[EventDate "2010.??.??"]

1. e4 e6 2. c4 d5 3. Nc3 dxe4 4. Nxe4 Nd7 5. d4 Ngf6 6. Ng3 Be7 7. Nf3 O-O 8.
Bd3 c5 9. O-O b6 10. h3 Bb7 11. Be3 Qc7 12. Re1 Rad8 13. Qc2 Bxf3 14. gxf3 g6
15. Rad1 cxd4 16. Bh6 Rfe8 17. Rxe6 fxe6 18. Bxg6 Nf8 19. Bxe8 Rxe8 20. Rxd4
Bc5 21. Rf4 Ng6 22. Ne4 Nxe4 23. Qxe4 Nxf4 24. Bxf4 Qf7 25. Bg3 Qf5 26. Qc6 Rf8
27. Kg2 Bd4 28. b3 Be5 29. Qb7 Bxg3 0-1

[Event "?"]
[Site "?"]
[Date "????.??.??"]
[Round "?"]
[White "Svensson, S."]
[Black "Meier, W."]
[Result "1/2-1/2"]
[WhiteElo "2004"]
[BlackElo "2199"]
[PlyCount "89"]
[EventDate "2010.??.??"]

1. d4 Nf6 2. c4 g6 3. Nc3 d5 4. cxd5 Nxd5 5. e4 Nxc3 6. bxc3 Bg7 7. Bc4 c5 8.
Ne2 O-O 9. O-O Nc6 10. Be3 Qc7 11. Rc1 Rd8 12. Bf4 Be5 13. Bxe5 Nxe5 14. Bb3
Ng4 15. Ng3 Qf4 16. h3 Nf6 17. Re1 e5 18. d5 Ne8 19. Re3 Nd6 20. Qe1 Bd7 21.
Nf1 b5 22. Nd2 a5 23. Qf1 Rac8 24. g3 Qg5 25. Kh2 Qe7 26. f4 f6 27. Rce1 Rf8
28. Rf3 Kg7 29. Qf2 a4 30. Bd1 Rf7 31. Kg2 Be8 32. Qe3 h6 33. Ref1 Qd8 34. g4
g5 35. fxe5 fxe5 36. Rxf7+ Bxf7 37. Rf2 Bg6 38. Bc2 Qe7 39. Qe2 Rf8 40. Bd3 b4
41. cxb4 cxb4 42. Qf1 Rf4 43. Rxf4 gxf4 44. Qe1 Nf7 45. Nf3 1/2-1/2